Kamu hizmetlerinde işe alma sistemleri ve Türkiye'de uygulanan politikalar üzerine bir inceleme / (Record no. 200443267)

MARC details
000 -LEADER
fixed length control field 01389cam a2200385 i 4500
001 - CONTROL NUMBER
control field 200443267
003 - CONTROL NUMBER IDENTIFIER
control field TR-AnTOB
005 - DATE AND TIME OF LATEST TRANSACTION
control field 20260310144046.0
007 - PHYSICAL DESCRIPTION FIXED FIELD--GENERAL INFORMATION
fixed length control field ta
008 - FIXED-LENGTH DATA ELEMENTS--GENERAL INFORMATION
fixed length control field 000324s1995 tu d 000 0 tur d
020 ## - INTERNATIONAL STANDARD BOOK NUMBER
International Standard Book Number 9751910145
035 ## - SYSTEM CONTROL NUMBER
System control number (TR-AnTOB)200443267
040 ## - CATALOGING SOURCE
Original cataloging agency BGZ
Language of cataloging eng
Description conventions rda
Transcribing agency BGZ
Modifying agency TR-AnTOB
041 0# - LANGUAGE CODE
Language code of text/sound track or separate title Türkçe
050 #4 - LIBRARY OF CONGRESS CALL NUMBER
Classification number JF1601
Item number .A84 1995
090 ## - LOCALLY ASSIGNED LC-TYPE CALL NUMBER (OCLC); LOCAL CALL NUMBER (RLIN)
Classification number (OCLC) (R) ; Classification number, CALL (RLIN) (NR) JF1601
Local cutter number (OCLC) ; Book number/undivided call number, CALL (RLIN) .A84 1995
100 1# - MAIN ENTRY--PERSONAL NAME
Personal name Ateş, Mustafa
Relator term author
9 (RLIN) 34413
245 10 - TITLE STATEMENT
Title Kamu hizmetlerinde işe alma sistemleri ve Türkiye'de uygulanan politikalar üzerine bir inceleme /
Statement of responsibility, etc. Mustafa Ateş.
264 #1 - PRODUCTION, PUBLICATION, DISTRIBUTION, MANUFACTURE, AND COPYRIGHT NOTICE
Place of production, publication, distribution, manufacture Ankara :
Name of producer, publisher, distributor, manufacturer Devlet Planlama Teşkilatı,
Date of production, publication, distribution, manufacture, or copyright notice 1995.
300 ## - PHYSICAL DESCRIPTION
Extent viii, 216 pages :
Other physical details tables, graphics ;
Dimensions 24 cm
336 ## - CONTENT TYPE
Content type term text
Content type code txt
Source rdacontent
337 ## - MEDIA TYPE
Media type term unmediated
Media type code n
Source rdamedia
338 ## - CARRIER TYPE
Carrier type term volume
Carrier type code nc
Source rdacarrier
490 0# - SERIES STATEMENT
Series statement Devlet Planlama Teşkilatı ;
Volume/sequential designation yayın no. DPT 2383.
500 ## - GENERAL NOTE
General note Uzmanlık Tezi.
650 #7 - SUBJECT ADDED ENTRY--TOPICAL TERM
Topical term or geographic name entry element Devlet hizmeti
Geographic subdivision Türkiye
Source of heading or term etuturkob
9 (RLIN) 32340
Topical term or geographic name entry element İşgücü politikası
Geographic subdivision Türkiye
Source of heading or term etuturkob
9 (RLIN) 18219
Topical term or geographic name entry element Devlet hizmeti
Geographic subdivision Türkiye
General subdivision Personel yönetimi
9 (RLIN) 103162
Topical term or geographic name entry element Devlet memurları
Geographic subdivision Türkiye
Source of heading or term etuturkob
9 (RLIN) 132370
651 #7 - SUBJECT ADDED ENTRY--GEOGRAPHIC NAME
Geographic name Türkiye
General subdivision Memurlar ve çalışanlar
Source of heading or term etuturkob
9 (RLIN) 8400
710 2# - ADDED ENTRY--CORPORATE NAME
Corporate name or jurisdiction name as entry element Devlet Planlama Teşkilatı (Turkey)
9 (RLIN) 131299
942 ## - ADDED ENTRY ELEMENTS (KOHA)
Source of classification or shelving scheme Library of Congress Classification
Koha item type Book
Holdings
Withdrawn status Lost status Source of classification or shelving scheme Not for loan Collection code Home library Current library Shelving location Date acquired Source of acquisition Inventory number Total Checkouts Full call number Barcode Date last seen Copy number Date shelved Koha item type Public note
    Other/Generic Classification Scheme Ödünç Verilemez-Kurumiçi kullanım / Not for loan-For inhouse use TOBB Kütüphanesi Bağış Koleksiyonu - Klasik Merkez Kütüphane Merkez Kütüphane TOBB Bağışı Koleksiyonu / TOBB Gift Collection 01/07/2005 TOBB Devir / TOBB Transfer SUİ   TOBBK JF1601 .A84 1995 T003448 26/08/2021 1 26/08/2021 Book Donated by TOBB
Devinim Yazılım Eğitim Danışmanlık tarafından Koha'nın orjinal sürümü uyarlanarak geliştirilip kurulmuştur.